The Pastoral Fulfilment of Tasks Under the Light of Marketing Approaches to Solutions in the Face of Demographic and Social Change
Gespeichert in:
| 1. Verfasser: | |
|---|---|
| Weitere Verfasser: | |
| Format: | Buchkapitel |
| Sprache: | Englisch |
| Tags: |
Keine Tags, Fügen Sie das erste Tag hinzu!
|
MARC
| LEADER | 00000naa$a2200000$$$4500 | ||
|---|---|---|---|
| 001 | 0281531 | ||
| 005 | 20240502083905.7 | ||
| 041 | 0 | |a eng | |
| 044 | |a CZ | ||
| 245 | 1 | 0 | |a The Pastoral Fulfilment of Tasks Under the Light of Marketing |b Approaches to Solutions in the Face of Demographic and Social Change |c Mike Blankenberg, Peter Markovič |
| 500 | |a Abstrakt | ||
| 100 | 1 | |a Blankenberg, Mike | |
| 700 | 1 | |a Markovič, Peter, 1974- | |